ANALYSIS AND PERFORMANCE OF FIBER COMPOSITES (Record no. 23259)
[ view plain ]
| 000 -LEADER | |
|---|---|
| fixed length control field | 01843nam a22002777a 4500 |
| 003 - CONTROL NUMBER IDENTIFIER | |
| control field | NUST |
| 005 - DATE AND TIME OF LATEST TRANSACTION | |
| control field | 20170606105854.0 |
| 008 - FIXED-LENGTH DATA ELEMENTS--GENERAL INFORMATION | |
| fixed length control field | 140421b xxu||||| |||| 00| 0 eng d |
| 010 ## - LIBRARY OF CONGRESS CONTROL NUMBER | |
| LC control number | 2005044699 |
| 020 ## - INTERNATIONAL STANDARD BOOK NUMBER | |
| International Standard Book Number | 9780471268918 |
| Terms of availability | Available |
| 040 ## - CATALOGING SOURCE | |
| Original cataloging agency | DLC |
| Language of cataloging | DLC |
| Transcribing agency | RCMS |
| 050 ## - LIBRARY OF CONGRESS CALL NUMBER | |
| Classification number | 620.18 AGA |
| 082 ## - DEWEY DECIMAL CLASSIFICATION NUMBER | |
| Classification number | 620.18 AGA |
| 100 ## - MAIN ENTRY--PERSONAL NAME | |
| Personal name | BHAGWAN D. AGARWAL |
| 9 (RLIN) | 1551 |
| 245 ## - TITLE STATEMENT | |
| Title | ANALYSIS AND PERFORMANCE OF FIBER COMPOSITES |
| 250 ## - EDITION STATEMENT | |
| Edition statement | 3rd,ed. |
| 260 ## - PUBLICATION, DISTRIBUTION, ETC. | |
| Place of publication, distribution, etc. | USA |
| Name of publisher, distributor, etc. | JOHN WILEY & SONS |
| Date of publication, distribution, etc. | c2006 |
| 300 ## - PHYSICAL DESCRIPTION | |
| Extent | xiv,562,p: |
| Other physical details | ill: |
| Dimensions | 22,cm. |
| 538 ## - SYSTEM DETAILS NOTE | |
| Display text | Shelf # 10, Row # 2, Mechanical & Aerospace. |
| 650 ## - SUBJECT ADDED ENTRY--TOPICAL TERM | |
| Topical term or geographic name entry element | 1.Fibrous composites 2. Reinforced plastics |
| 9 (RLIN) | 1552 |
| 856 ## - ELECTRONIC LOCATION AND ACCESS | |
| Materials specified | Table of Content Only |
| 942 ## - ADDED ENTRY ELEMENTS (KOHA) | |
| Koha item type | Book |
| Source of classification or shelving scheme | |
| Withdrawn status | Lost status | Source of classification or shelving scheme | Damaged status | Not for loan | Permanent Location | Current Location | Shelving location | Date acquired | Total Checkouts | Full call number | Barcode | Date last seen | Price effective from | Koha item type |
|---|---|---|---|---|---|---|---|---|---|---|---|---|---|---|
| Central Library (CL) | Central Library (CL) | General Stacks | 03/07/2013 | 620.18 AGA | RCMS001321 | 11/06/2025 | 03/07/2013 | Book | ||||||
| NUST Baluchistan Campus (NBC) | NUST Baluchistan Campus (NBC) | General Stacks | 03/07/2013 | 620.18 AGA | RCMS001315 | 03/07/2013 | 03/07/2013 | Book | ||||||
| NUST Baluchistan Campus (NBC) | NUST Baluchistan Campus (NBC) | General Stacks | 03/07/2013 | 620.18 AGA | RCMS001316 | 03/07/2013 | 03/07/2013 | Book | ||||||
| School of Interdisciplinary Engineering and Sciences (SINES) | School of Interdisciplinary Engineering and Sciences (SINES) | General Stacks | 03/07/2013 | 620.18 AGA | RCMS001314 | 03/07/2013 | 03/07/2013 | Book | ||||||
| School of Interdisciplinary Engineering and Sciences (SINES) | School of Interdisciplinary Engineering and Sciences (SINES) | General Stacks | 03/07/2013 | 620.18 AGA | RCMS001317 | 03/07/2013 | 03/07/2013 | Book | ||||||
| School of Interdisciplinary Engineering and Sciences (SINES) | School of Interdisciplinary Engineering and Sciences (SINES) | General Stacks | 03/07/2013 | 620.18 AGA | RCMS001318 | 03/07/2013 | 03/07/2013 | Book | ||||||
| School of Interdisciplinary Engineering and Sciences (SINES) | School of Interdisciplinary Engineering and Sciences (SINES) | General Stacks | 03/07/2013 | 620.18 AGA | RCMS001319 | 03/07/2013 | 03/07/2013 | Book | ||||||
| School of Interdisciplinary Engineering and Sciences (SINES) | School of Interdisciplinary Engineering and Sciences (SINES) | General Stacks | 03/07/2013 | 620.18 AGA | RCMS001320 | 03/07/2013 | 03/07/2013 | Book | ||||||
| School of Interdisciplinary Engineering and Sciences (SINES) | School of Interdisciplinary Engineering and Sciences (SINES) | General Stacks | 03/07/2013 | 620.18 AGA | RCMS001322 | 03/07/2013 | 03/07/2013 | Book | ||||||
| School of Interdisciplinary Engineering and Sciences (SINES) | School of Interdisciplinary Engineering and Sciences (SINES) | General Stacks | 09/12/2014 | 620.18 | RCMS001293 | 09/12/2014 | 09/12/2014 | Book |
